Los materiales de pintura y su empleo en el arte (Record no. 57456)
[ view plain ]
| 000 -LEADER | |
|---|---|
| campo de control de longitud fija | 00805nam a2200193 i 4500 |
| 001 - NÚMERO DE CONTROL | |
| campo de control | 57456 |
| 003 - IDENTIFICADOR DE NÚMERO DE CONTROL | |
| campo de control | ES-MaACL |
| 005 - FECHA Y HORA DE LA ÚLTIMA TRANSACCIÓN | |
| campo de control | 20230906163600.0 |
| 007 - CAMPO FIJO DE DESCRIPCIÓN FÍSICA--INFORMACIÓN GENERAL | |
| campo de control de longitud fija | t| |
| 008 - DATOS DE LONGITUD FIJA--INFORMACIÓN GENERAL | |
| campo de control de longitud fija | 031016s1946 sp f |||| | spa d |
| 100 1# - ENTRADA PRINCIPAL--NOMBRE DE PERSONA | |
| Nombre de persona | Doerner, Max. |
| 9 (RLIN) | 44992 |
| 245 14 - MENCIÓN DEL TÍTULO | |
| Título | Los materiales de pintura y su empleo en el arte |
| Resto del título | : materiales y técnica de las pinturas al óleo, temple, acuarela, fresco, pastel : técnica de los antiguos maestros : conservación de monumentos y cuadros / |
| Mención de responsabilidad, etc. | Max Doerner ; versión de la séptima edición original por Pedro Reverté. |
| 260 ## - PUBLICACIÓN, DISTRIBUCIÓN, ETC. | |
| Lugar de publicación, distribución, etc. | Barcelona : |
| Nombre del editor, distribuidor, etc. | Gustavo Gili, |
| Fecha de publicación, distribución, etc. | 1946 ( |
| Fabricante | Ariel) |
| 300 ## - DESCRIPCIÓN FÍSICA | |
| Extensión | 466 p., 28 lám. ; |
| Dimensiones | 25 cm. |
| 650 #4 - PUNTO DE ACCESO ADICIONAL DE MATERIA--TÉRMINO DE MATERIA | |
| Término de materia o nombre geográfico como elemento de entrada | Materiales para artistas. |
| 9 (RLIN) | 137816 |
| 650 04 - PUNTO DE ACCESO ADICIONAL DE MATERIA--TÉRMINO DE MATERIA | |
| Término de materia o nombre geográfico como elemento de entrada | Pintura- |
| Subdivisión general | Técnica. |
| 9 (RLIN) | 16012 |
| 700 1# - ENTRADA AGREGADA--NOMBRE PERSONAL | |
| Nombre de persona | Reverté, Pedro. |
| 9 (RLIN) | 96415 |
| 852 ## - LOCALIZACIÓN | |
| Ubicación | ES-MaACL |
| Número de control de estantería | E-1825 |
| Estatus retirado | Estado de pérdida | Estado de daño | No para préstamo | Biblioteca de origen | Biblioteca actual | Ubicación en estantería | Fecha de adquisición | Fuente de adquisición | Total de préstamos | Signatura topográfica completa | Código de barras | Visto por última vez | Precio de reemplazo | Tipo de ítem Koha |
|---|---|---|---|---|---|---|---|---|---|---|---|---|---|---|
| Biblioteca del Ateneo de Madrid | Biblioteca del Ateneo de Madrid | Depósito 2 | 17/01/2008 | E-1825 | 1060319 | 23/02/2023 | 23/02/2023 | Libro impreso |
